000 01060nam a2200265 a 4500
003 OSt
005 20200914144239.0
008 971113s1996 ck a b 000 0 spa
020 _a9586162680 (T. Dura)
020 _a9586162699 (Rústica)
040 _aDLC
_cCO-JMCR|
041 0 _aspa
082 0 4 _a923.4861 /
_bE969c
_223
110 1 _aUniversidad Externado De Colombia
_98197
245 1 0 _aCentenario del fallecimiento de:
_bNicolás Pinzón Warlosten /
_cUniversidad Externado de Colombia
246 3 0 _aNicolás Pinzón Warlosten
250 _aPrimera edición
260 _aBogotá :
_bUniversidad Externado de Colombia,
_c1996.
300 _a253 páginas :
_bilustraciones a blanco y negro
_c25 cm.
505 0 _aIn memoriam -- Testimonios de sus alumnos y contemporáneos. -- Itinerario de Nicolás Pinzón W.
600 1 0 _aPinzón Warlosten, Nicolás,
_d1859-1895.
_910223
650 _aPinzón Warlosten, Nicolás,
_xHomenajes póstumos
_y1859-1895
_910224
650 _aUniversidad Externado de Colombia
_xHistoria
_910225
942 _2ddc
_cBK
999 _c6845
_d6845